00612 2200193 4500001002100000005001500021035002000036007000300056008004100059020001800100082001100118084001700129100002500146245008900171250001100260260004300271300004800314600005600362INLIS00000000000007420240425114119 a0010-0424000051ta240425 0  a9786021107676 a610.73 a610.73 TIT p0 aTitik Lestari, S.Kep1 aProsedur Praktik Keperawatan Dasar :bDilengkapi dengan standar operasional prosedur aKesatu aYogyakarta :bGosyen Publishing,c2018 a187 :btidak berwarna ;c14 X 20etidak ada 4aPendidikan, Kesehatan, Kedokteran, Keperawatan, SOP